[Event "DOM-ch"]
[Site "Santo Domingo"]
[Date "2023.03.05"]
[Round "8"]
[White "Lugo Matos, Richards Reynier"]
[Black "Barjan Pinedo, Jose Antonio"]
[Result "1/2-1/2"]
[WhiteElo "2103"]
[BlackElo "2050"]
[PlyCount "98"]
[EventDate "2023.02.24"]
[EventType "swiss"]
[EventRounds "11"]
[EventCountry "DOM"]
[SourceTitle "CBM 213 Extra"]
[Source "ChessBase"]
[SourceDate "2023.05.31"]
[SourceVersion "1"]
[SourceVersionDate "2023.05.31"]
[SourceQuality "1"]

1. g3 d5 2. Bg2 e5 3. d4 e4 4. c4 c6 5. Nc3 h6 6. cxd5 cxd5 7. f3 f5 8. Qb3 Nf6 9. fxe4 fxe4 10. Nh3 Nc6 11. e3 Na5 12. Qc2 Bd6 13. 0-0 Be6 14. Nf4 Bxf4 15. Rxf4 0-0 16. b3 Rc8 17. Ba3 Rf7 18. Qd2 a6 19. Na4 b6 20. Bf1 Bd7 21. Bxa6 Ra8 22. Be2 Bxa4 23. bxa4 Rc7 24. Qb4 Nc4 25. Bc1 Rac8 26. Rf1 Nh7 27. Bg4 Ra8 28. Be6+ Kh8 29. Rb1 Ng5 30. Bg4 Rca7 31. Bd1 Nf3+ 32. Kg2 Qf6 33. Bxf3 Rxa4 34. Qb5 Rxa2+ 35. Kg1 exf3 36. Qxd5 Rg2+ 37. Kh1 Raa2 38. Qxf3 Rxh2+ 39. Kg1 Qg6 40. Ra1 Rag2+ 41. Qxg2 Rxg2+ 42. Kxg2 Qe4+ 43. Kh2 Nxe3 44. Bxe3 Qxe3 45. Rad1 Qe2+ 46. Kg1 Qe3+ 47. Kg2 Qe2+ 48. Kg1 Qe3+ 49. Kh2 Qe2+ 1/2-1/2

[Event "DOM-ch"]
[Site "Santo Domingo"]
[Date "2021.05.21"]
[Round "9"]
[White "Lugo Matos, Richards Reynier"]
[Black "Araujo Sanchez, Josue"]
[Result "0-1"]
[WhiteElo "2160"]
[BlackElo "2337"]
[PlyCount "70"]
[EventDate "2021.05.07"]
[EventType "swiss"]
[EventRounds "11"]
[EventCountry "DOM"]
[SourceTitle "CBM 203 Extra"]
[Source "ChessBase"]
[SourceDate "2021.09.30"]
[SourceVersion "1"]
[SourceVersionDate "2021.09.30"]
[SourceQuality "1"]

1. e4 c5 2. Nf3 d6 3. d4 cxd4 4. Nxd4 Nf6 5. Nc3 Nc6 6. Bc4 e6 7. 0-0 Be7 8. Bb3 Bd7 9. Ndb5 Qb8 10. Bf4 Ne5 11. a4 a6 12. Na3 0-0 13. a5 Qc7 14. Bd2 Bc6 15. f4 Ned7 16. f5 Nc5 17. fxe6 fxe6 18. Rf4 Nxb3 19. cxb3 d5 20. exd5 exd5 21. Nc2 Bc5+ 22. Kh1 Ne4 23. Nxe4 dxe4 24. Rg4 Rad8 25. Qc1 Qd7 26. Be3 Qxg4 27. Bxc5 Rf7 28. Ne3 Qe2 29. h3 h6 30. Qc4 Rd3 31. Rf1 Bd5 32. Rxf7 Bxc4 33. Rf8+ Kh7 34. Nxc4 Rxb3 35. Nd6 Rxb2 0-1

[Event "DOM-ch"]
[Site "Santo Domingo"]
[Date "2021.05.15"]
[Round "6"]
[White "Jimenez Jimenez, Leandro"]
[Black "Lugo Matos, Richards Reynier"]
[Result "1/2-1/2"]
[WhiteElo "2037"]
[BlackElo "2160"]
[PlyCount "78"]
[EventDate "2021.05.07"]
[EventType "swiss"]
[EventRounds "11"]
[EventCountry "DOM"]
[SourceTitle "CBM 203 Extra"]
[Source "ChessBase"]
[SourceDate "2021.09.30"]
[SourceVersion "1"]
[SourceVersionDate "2021.09.30"]
[SourceQuality "1"]

1. c4 g6 2. Nf3 Bg7 3. Nc3 d6 4. e4 c5 5. d4 cxd4 6. Nxd4 Nf6 7. Be2 0-0 8. Be3 Nc6 9. Qd2 Ng4 10. Bxg4 Bxg4 11. f3 Be6 12. b3 a6 13. 0-0 Qa5 14. Rfd1 Rac8 15. Rac1 Nxd4 16. Bxd4 b5 17. Bxg7 Kxg7 18. Nd5 Qxd2 19. Rxd2 Bxd5 20. Rxd5 Rc6 21. e5 dxe5 22. Rxe5 Kf6 23. f4 Rd8 24. Re2 bxc4 25. Rec2 c3 26. Rxc3 Rxc3 27. Rxc3 Rd1+ 28. Kf2 Rd2+ 29. Kf3 Rxa2 30. b4 e6 31. Rb3 h5 32. h4 Ra1 33. g3 Rd1 34. b5 axb5 35. Rxb5 Rd3+ 36. Kf2 Rd7 37. Kf3 Rd3+ 38. Kf2 Ra3 39. Rc5 Rd3 1/2-1/2

[Event "DOM-ch"]
[Site "Santo Domingo"]
[Date "2021.05.08"]
[Round "3"]
[White "Lugo Matos, Richards Reynier"]
[Black "Martinez Castillo, Julio Antonio"]
[Result "1/2-1/2"]
[WhiteElo "2160"]
[BlackElo "2152"]
[PlyCount "144"]
[EventDate "2021.05.07"]
[EventType "swiss"]
[EventRounds "11"]
[EventCountry "DOM"]
[SourceTitle "CBM 203 Extra"]
[Source "ChessBase"]
[SourceDate "2021.09.30"]
[SourceVersion "1"]
[SourceVersionDate "2021.09.30"]
[SourceQuality "1"]

1. e4 e5 2. Nf3 Nc6 3. Bc4 Be7 4. 0-0 Nf6 5. Re1 0-0 6. d3 d6 7. a4 Bg4 8. h3 Bh5 9. Nbd2 Nd7 10. a5 a6 11. c3 Kh8 12. g4 Bg6 13. Nf1 Nf6 14. Ne3 Nd7 15. Nd5 Nc5 16. Be3 Ne6 17. b4 Nb8 18. Qe2 Nd7 19. Reb1 c6 20. Nxe7 Qxe7 21. Qd2 Nc7 22. Re1 d5 23. exd5 cxd5 24. Bb3 Qd6 25. Bc5 Nxc5 26. bxc5 Qxc5 27. Nxe5 Qd6 28. Qf4 Rad8 29. Nxg6+ fxg6 30. Qxd6 Rxd6 31. Re7 Ne6 32. Re1 Nf4 33. R1e3 b5 34. Kh2 g5 35. d4 h5 36. Re8 Rdf6 37. gxh5 Nxh5 38. Rxf8+ Rxf8 39. Bxd5 Rxf2+ 40. Kg1 Rd2 41. Re8+ Kh7 42. Be4+ g6 43. Re6 Nf4 44. Rxa6 Ne2+ 45. Kf2 Nxc3+ 46. Ke3 Re2+ 47. Kd3 Rxe4 48. Kxc3 Rh4 49. Ra7+ Kh6 50. Ra8 Rxh3+ 51. Kb4 Rd3 52. Kc5 g4 53. a6 Ra3 54. Kxb5 Kg5 55. Re8 g3 56. Re1 Kf4 57. Rd1 g2 58. Kb6 Rb3+ 59. Kc7 Rc3+ 60. Kb7 Rb3+ 61. Kc6 Ra3 62. Kb6 Rb3+ 63. Kc5 Ra3 64. Kb5 Ke4 65. d5 Rd3 66. Re1+ Kxd5 67. a7 Ra3 68. Kb6 Ra2 69. Rg1 Kd6 70. Kb7 Rb2+ 71. Kc8 Rc2+ 72. Kb7 Rb2+ 1/2-1/2

[Event "DOM-ch"]
[Site "Santo Domingo"]
[Date "2021.05.08"]
[Round "2"]
[White "Rodriguez Garcia, Eduardo Manuel"]
[Black "Lugo Matos, Richards Reynier"]
[Result "0-1"]
[WhiteElo "1909"]
[BlackElo "2160"]
[PlyCount "84"]
[EventDate "2021.05.07"]
[EventType "swiss"]
[EventRounds "11"]
[EventCountry "DOM"]
[SourceTitle "CBM 203 Extra"]
[Source "ChessBase"]
[SourceDate "2021.09.30"]
[SourceVersion "1"]
[SourceVersionDate "2021.09.30"]
[SourceQuality "1"]

1. e4 e6 2. d4 d5 3. Nc3 Bb4 4. e5 c5 5. a3 Bxc3+ 6. bxc3 Qa5 7. Bd2 Qa4 8. Nf3 b6 9. Qb1 Ba6 10. Qb3 Qxb3 11. cxb3 Bxf1 12. Rxf1 Nc6 13. Be3 cxd4 14. Bxd4 Na5 15. Rb1 Ne7 16. Kd2 0-0 17. Kd3 Rac8 18. Rfc1 Nec6 19. Rc2 Rc7 20. Nd2 f6 21. Nf3 Kf7 22. Rbb2 Rfc8 23. g4 h6 24. h4 Ne7 25. exf6 gxf6 26. Be3 e5 27. Kd2 d4 28. cxd4 Nxb3+ 29. Kd1 Nxd4 30. Nxd4 exd4 31. Bxh6 Rc3 32. Bd2 Rxa3 33. Rxc8 Nxc8 34. Rc2 Nd6 35. Rc7+ Ke6 36. h5 Ne4 37. h6 Nxf2+ 38. Ke2 Nxg4 39. h7 Rh3 40. Rxa7 Ne5 41. Rb7 Rh2+ 42. Kf1 Nd7 0-1

[Event "Santo Domingo op 08"]
[Site "Santo Domingo"]
[Date "2019.08.20"]
[Round "7"]
[White "Del Rosario Moreno, Carlos"]
[Black "Lugo Matos, Richards Reynier"]
[Result "0-1"]
[WhiteElo "2071"]
[BlackElo "2140"]
[PlyCount "89"]
[EventDate "2019.08.12"]
[EventType "swiss"]
[EventRounds "8"]
[EventCountry "DOM"]
[SourceTitle "EXT 2020"]
[Source "ChessBase"]
[SourceDate "2019.10.17"]
[SourceVersion "1"]
[SourceVersionDate "2019.10.17"]
[SourceQuality "1"]

1. d4 Nf6 2. Nf3 g6 3. c4 Bg7 4. Nc3 0-0 5. e4 d6 6. Be2 e5 7. 0-0 Nc6 8. d5 Ne7 9. Nd2 Kh8 10. b4 Nd7 11. a4 f5 12. Ba3 Nf6 13. a5 Bh6 14. Bf3 Rg8 15. c5 Bxd2 16. Qxd2 dxc5 17. Rfd1 cxb4 18. Bxb4 f4 19. Qb2 g5 20. Nb5 Ng6 21. Re1 g4 22. Bd1 f3 23. g3 Ne8 24. Bd2 Nd6 25. Rc1 Rg7 26. Be3 a6 27. Na3 Bd7 28. Nc4 Nxc4 29. Rxc4 Bb5 30. Rc5 Qd6 31. Bb3 Re7 32. Rcc1 Qf6 33. Qd2 Rae8 34. Rc3 Nf8 35. Kh1 Qg6 36. h4 gxh3 37. Kh2 h5 38. Rh1 Nh7 39. Kg1 Qg4 40. Kh2 Nf6 41. Qc2 c6 42. dxc6 bxc6 43. Rxc6 Bxc6 44. Qxc6 Rf8 45. Be6 0-1

[Event "Santo Domingo op 08"]
[Site "Santo Domingo"]
[Date "2019.08.13"]
[Round "3"]
[White "Lugo Matos, Richards Reynier"]
[Black "Agramonte Ramirez, Jorge Luis"]
[Result "1-0"]
[WhiteElo "2140"]
[BlackElo "1671"]
[PlyCount "65"]
[EventDate "2019.08.12"]
[EventType "swiss"]
[EventRounds "8"]
[EventCountry "DOM"]
[SourceTitle "EXT 2020"]
[Source "ChessBase"]
[SourceDate "2019.10.17"]
[SourceVersion "1"]
[SourceVersionDate "2019.10.17"]
[SourceQuality "1"]

1. e4 d6 2. d4 Nf6 3. Nc3 g6 4. Bg5 Bg7 5. e5 dxe5 6. dxe5 Qxd1+ 7. Rxd1 Ng4 8. h3 Nxe5 9. Nd5 Kd8 10. Nb6+ Bd7 11. Nxa8 f6 12. Bf4 Kc8 13. Bxe5 fxe5 14. Nf3 Bc6 15. Ng5 Bd7 16. Bc4 e4 17. c3 h6 18. Nxe4 Be5 19. Nc5 Bd6 20. Nxd7 Kxd7 21. 0-0 Nc6 22. Bd3 Ne5 23. Bb5+ c6 24. f4 Nf7 25. Bc4 Rf8 26. Rfe1 Nh8 27. Be6+ Ke8 28. Bc8 Kd8 29. Bxb7 Kd7 30. c4 Rb8 31. Ba6 c5 32. Bb5+ Kd8 33. Rxd6+ 1-0

[Event "Santo Domingo op 08"]
[Site "Santo Domingo"]
[Date "2019.08.12"]
[Round "1"]
[White "Gomez Vidal, Xavier"]
[Black "Lugo Matos, Richards Reynier"]
[Result "0-1"]
[WhiteElo "1821"]
[BlackElo "2140"]
[PlyCount "48"]
[EventDate "2019.08.12"]
[EventType "swiss"]
[EventRounds "8"]
[EventCountry "DOM"]
[SourceTitle "EXT 2020"]
[Source "ChessBase"]
[SourceDate "2019.10.17"]
[SourceVersion "1"]
[SourceVersionDate "2019.10.17"]
[SourceQuality "1"]

1. d4 Nf6 2. Bf4 b6 3. e3 Bb7 4. Nf3 g6 5. Nc3 Bg7 6. Bd3 d6 7. h4 Nbd7 8. Qe2 c5 9. 0-0 a6 10. e4 cxd4 11. Nd5 e5 12. Bg5 h6 13. Bd2 Nxd5 14. exd5 0-0 15. Nh2 Bxd5 16. Ng4 h5 17. Bg5 Nf6 18. Nh6+ Kh7 19. Ng4 e4 20. Bxe4 Bxe4 21. Nxf6+ Bxf6 22. Qc4 Bxg5 23. hxg5 Qxg5 24. Kh1 Qe5 0-1

[Event "Santo Domingo Duarte Memorial 8th"]
[Site "Santo Domingo"]
[Date "2019.01.19"]
[Round "3"]
[White "Ortiz, Junior Renato"]
[Black "Lugo Matos, Richards Reynier"]
[Result "0-1"]
[WhiteElo "1770"]
[BlackElo "2131"]
[PlyCount "66"]
[EventDate "2019.01.18"]
[EventType "swiss"]
[EventRounds "8"]
[EventCountry "DOM"]
[SourceTitle "CBM 188 Extra"]
[Source "ChessBase"]
[SourceDate "2019.02.26"]
[SourceVersion "1"]
[SourceVersionDate "2019.02.26"]
[SourceQuality "1"]

1. Nf3 Nf6 2. g3 g6 3. Bg2 Bg7 4. 0-0 0-0 5. d4 d6 6. c4 Nc6 7. Nc3 a6 8. h3 Rb8 9. a4 Bd7 10. e4 e5 11. d5 Nb4 12. Bg5 h6 13. Bxf6 Qxf6 14. Na2 Nxa2 15. Rxa2 c5 16. Qd2 Bxh3 17. Bxh3 Qxf3 18. Bg2 Qb3 19. Ra3 Qxc4 20. Rc1 Qd4 21. Qxd4 exd4 22. Kf1 Rfe8 23. Ke2 b5 24. axb5 Rxb5 25. Rc2 Reb8 26. Rxa6 Rxb2 27. Ra2 Rxa2 28. Rxa2 c4 29. Kd2 d3 30. f4 Bd4 31. Bf3 Rb1 32. Bd1 c3+ 33. Kxd3 Rxd1+ 0-1

[Event "DOM-ch"]
[Site "Santo Domingo"]
[Date "2018.05.05"]
[Round "10"]
[White "De Jesus Rosa, Michel"]
[Black "Lugo Matos, Richards Reynier"]
[Result "0-1"]
[WhiteElo "2139"]
[BlackElo "2069"]
[PlyCount "148"]
[EventDate "2018.04.20"]
[EventType "swiss"]
[EventRounds "11"]
[EventCountry "DOM"]
[SourceTitle "CBM 184 Extra"]
[Source "ChessBase"]
[SourceDate "2018.06.28"]
[SourceVersion "1"]
[SourceVersionDate "2018.06.28"]
[SourceQuality "1"]

1. c4 g6 2. Nc3 Bg7 3. g3 Nc6 4. Bg2 d6 5. d3 e5 6. e4 Be6 7. Nge2 Qd7 8. Nd5 h5 9. h3 h4 10. g4 f5 11. f3 f4 12. Bd2 Nd8 13. Bc3 c6 14. Nb4 Qf7 15. b3 Ne7 16. d4 a5 17. Nd3 d5 18. exd5 cxd5 19. Nxe5 Bxe5 20. dxe5 Ndc6 21. 0-0 Rd8 22. Qd2 0-0 23. c5 d4 24. Bxa5 Nxa5 25. Qxa5 Nc6 26. Qd2 Nxe5 27. Rae1 Rd5 28. Rc1 g5 29. Rfd1 Rfd8 30. Qb2 d3 31. Nc3 Rxc5 32. Ne4 Rxc1 33. Rxc1 Qg7 34. Qf2 Bd5 35. Qb6 Rf8 36. Nd2 Nc6 37. Qc5 Qe5 38. Ne4 Bxe4 39. Qxe5 Nxe5 40. fxe4 Rd8 41. Kf2 Kf7 42. Rd1 Ke6 43. Bf1 Rd4 44. a3 Kd6 45. Rd2 Kc5 46. Rd1 Rxe4 47. Bxd3 Re3 48. b4+ Kb6 49. Bf1 Rxa3 50. Rd6+ Kc7 51. Rd5 Rf3+ 52. Kg2 Re3 53. Kf2 b6 54. b5 Re4 55. Bg2 Re3 56. Bf1 Rf3+ 57. Kg2 Rg3+ 58. Kf2 Re3 59. Bg2 Nd3+ 60. Kg1 Ne5 61. Kf2 Nd3+ 62. Kg1 Re1+ 63. Kh2 Ne5 64. Rd2 f3 65. Rc2+ Kb8 66. Bxf3 Nxf3+ 67. Kg2 Nd4 68. Rc4 Nxb5 69. Rb4 Re5 70. Kf3 Kb7 71. Kf2 Nd6 72. Ra4 b5 73. Rd4 Kc6 74. Rd1 b4 0-1

[Event "DOM-ch"]
[Site "Santo Domingo"]
[Date "2018.04.29"]
[Round "8"]
[White "Lugo Matos, Richards Reynier"]
[Black "De Los Santos Nunez, Eddy"]
[Result "0-1"]
[WhiteElo "2069"]
[BlackElo "2119"]
[PlyCount "82"]
[EventDate "2018.04.20"]
[EventType "swiss"]
[EventRounds "11"]
[EventCountry "DOM"]
[SourceTitle "CBM 184 Extra"]
[Source "ChessBase"]
[SourceDate "2018.06.28"]
[SourceVersion "1"]
[SourceVersionDate "2018.06.28"]
[SourceQuality "1"]

1. e4 e5 2. Nf3 Nf6 3. Nc3 Nc6 4. Be2 Bb4 5. d3 d5 6. exd5 Nxd5 7. Bd2 Nxc3 8. bxc3 Be7 9. 0-0 0-0 10. Re1 Be6 11. Bf1 Bf6 12. Rb1 Rb8 13. c4 Re8 14. Bc3 Bf5 15. Rb5 e4 16. Rd5 Bxc3 17. Rxd8 Rexd8 18. Nh4 Bxe1 19. Qxe1 Bg6 20. dxe4 Bxe4 21. Qxe4 Rd4 22. Qf5 Rxh4 23. Bd3 g6 24. Qd7 Rd4 25. Qxc7 Re8 26. g3 Re7 27. Qc8+ Rd8 28. Qh3 Ne5 29. Kg2 Nxd3 30. cxd3 Re2 31. Qh4 Rxd3 32. Qg4 Rdd2 33. Qc8+ Kg7 34. Qxb7 Rxf2+ 35. Kg1 Rxa2 36. Qe4 Rg2+ 37. Kf1 Raf2+ 38. Ke1 Re2+ 39. Qxe2 Rxe2+ 40. Kxe2 Kf6 41. Kd3 Ke5 0-1

[Event "DOM-ch"]
[Site "Santo Domingo"]
[Date "2018.04.27"]
[Round "5"]
[White "Lugo Matos, Richards Reynier"]
[Black "Crispin Ferreras, Darvi Abraham"]
[Result "1-0"]
[WhiteElo "2069"]
[BlackElo "2190"]
[PlyCount "49"]
[EventDate "2018.04.20"]
[EventType "swiss"]
[EventRounds "11"]
[EventCountry "DOM"]
[SourceTitle "CBM 184 Extra"]
[Source "ChessBase"]
[SourceDate "2018.06.28"]
[SourceVersion "1"]
[SourceVersionDate "2018.06.28"]
[SourceQuality "1"]

1. e4 c5 2. Nf3 e6 3. g3 Nc6 4. Bg2 Nf6 5. Qe2 Qc7 6. 0-0 g6 7. Na3 d6 8. c3 Bg7 9. d4 0-0 10. Nb5 Qb8 11. Nxd6 Qxd6 12. e5 Qe7 13. exf6 Bxf6 14. dxc5 Qxc5 15. Be3 Qa5 16. Nd2 Qc7 17. Ne4 Bg7 18. Rfd1 e5 19. Rd2 Bf5 20. Nd6 Nd4 21. Bxd4 exd4 22. Nxf5 Rfe8 23. Qd1 dxc3 24. Nxg7 cxd2 25. Nxe8 1-0

[Event "Santo Domingo op11"]
[Site "Santo Domingo"]
[Date "2017.11.19"]
[Round "4"]
[White "Fabian Brioso, Carlos Julio"]
[Black "Lugo Matos, Richards Reynier"]
[Result "1/2-1/2"]
[WhiteElo "1907"]
[BlackElo "2090"]
[PlyCount "56"]
[EventDate "2017.11.17"]
[EventType "swiss"]
[EventRounds "8"]
[EventCountry "DOM"]
[SourceTitle "CBM 181 Extra"]
[Source "ChessBase"]
[SourceDate "2017.12.12"]
[SourceVersion "1"]
[SourceVersionDate "2017.12.12"]
[SourceQuality "1"]

1. e4 g6 2. d4 Bg7 3. Nf3 d6 4. c4 Nf6 5. Nc3 0-0 6. Be2 e5 7. dxe5 dxe5 8. Qxd8 Rxd8 9. Bg5 Re8 10. Nd5 Nxd5 11. cxd5 c6 12. Bc4 cxd5 13. Bxd5 Nc6 14. Bd2 Bg4 15. Ng5 Re7 16. h3 Bd7 17. Bc3 Nd4 18. Kd1 Bc6 19. Bxc6 bxc6 20. Nf3 Rd8 21. Nxd4 exd4 22. Ba5 Rb8 23. b3 Rxe4 24. Rc1 Re6 25. Rc4 Kf8 26. Re1 Rxe1+ 27. Kxe1 Rb5 28. Bc7 Be5 1/2-1/2

[Event "Santo Domingo Duarte Memorial 6th"]
[Site "Santo Domingo"]
[Date "2017.02.04"]
[Round "7"]
[White "Lugo Matos, Richards Reynier"]
[Black "Rodriguez Nunez, Jose Altagracia"]
[Result "1-0"]
[WhiteElo "2080"]
[BlackElo "2252"]
[PlyCount "93"]
[EventDate "2017.01.27"]
[EventType "swiss"]
[EventRounds "8"]
[EventCountry "DOM"]
[SourceTitle "CBM 176 Extra"]
[Source "ChessBase"]
[SourceDate "2017.03.02"]
[SourceVersion "1"]
[SourceVersionDate "2017.03.02"]
[SourceQuality "1"]

1. e4 Nc6 2. Nf3 d6 3. Bc4 Nf6 4. d3 Bg4 5. Nbd2 e6 6. h3 Bh5 7. g4 Bg6 8. Qe2 a6 9. c3 Na5 10. Nh4 Nxc4 11. dxc4 Bxe4 12. Nxe4 Nxe4 13. Qxe4 d5 14. Qe5 dxc4 15. Nf3 Qd3 16. Qe2 Qd5 17. Bg5 Bd6 18. Rd1 Qb5 19. Rd4 h5 20. Rxc4 hxg4 21. Rxg4 Qf5 22. Qe4 f6 23. Bc1 Kf7 24. Qxf5 exf5 25. Rd4 g5 26. Kf1 g4 27. Ng1 Be5 28. Rd3 f4 29. f3 Rad8 30. Rxd8 Rxd8 31. Ke2 g3 32. h4 Bd6 33. Nh3 Re8+ 34. Kf1 g2+ 35. Kxg2 Re2+ 36. Kf1 Rc2 37. Bxf4 Rxb2 38. Bxd6 cxd6 39. h5 Rxa2 40. Rg1 Rc2 41. h6 Rxc3 42. Rg7+ Kf8 43. Kf2 Rc4 44. Kg3 b5 45. Nf4 Rc1 46. Ng6+ Ke8 47. h7 1-0

[Event "Santo Domingo Inmortales op"]
[Site "Santo Domingo"]
[Date "2016.11.19"]
[Round "3"]
[White "Lugo Matos, Richards Reynier"]
[Black "Menendez Mendez, Ariel"]
[Result "1-0"]
[WhiteElo "2108"]
[BlackElo "1917"]
[PlyCount "77"]
[EventDate "2016.11.18"]
[EventType "swiss"]
[EventRounds "8"]
[EventCountry "DOM"]
[SourceTitle "EXT 2018"]
[Source "ChessBase"]
[SourceDate "2017.10.13"]
[SourceVersion "1"]
[SourceVersionDate "2017.10.13"]
[SourceQuality "1"]

1. c4 Nf6 2. Nc3 d5 3. cxd5 Nxd5 4. e4 Nxc3 5. bxc3 g6 6. d4 Bg7 7. Nf3 c5 8. Bc4 Nc6 9. Be3 0-0 10. 0-0 Na5 11. Be2 Qc7 12. Qc1 Rd8 13. Bf4 e5 14. dxe5 Be6 15. Bg5 Re8 16. Bb5 Nc6 17. Qe3 a6 18. Bxc6 Qxc6 19. Qf4 Bc4 20. Rfd1 Re6 21. Rd2 Rae8 22. Rad1 Bxe5 23. Nxe5 Rxe5 24. f3 R5e6 25. Rd7 f6 26. Qh4 h5 27. Be3 R8e7 28. Rd8+ Kg7 29. Qf4 g5 30. Qb8 Re8 31. R1d7+ Kg6 32. Rxe8 Qxd7 33. Rg8+ Kh7 34. Qf8 Qd1+ 35. Kf2 Qe2+ 36. Kg3 Qe1+ 37. Bf2 h4+ 38. Kh3 g4+ 39. Rxg4 1-0

[Event "Santo Domingo Inmortales op"]
[Site "Santo Domingo"]
[Date "2016.11.18"]
[Round "1"]
[White "Arias Diaz, Ernesto Antonio"]
[Black "Lugo Matos, Richards Reynier"]
[Result "1-0"]
[WhiteElo "1878"]
[BlackElo "2108"]
[PlyCount "89"]
[EventDate "2016.11.18"]
[EventType "swiss"]
[EventRounds "8"]
[EventCountry "DOM"]
[SourceTitle "EXT 2018"]
[Source "ChessBase"]
[SourceDate "2017.10.13"]
[SourceVersion "1"]
[SourceVersionDate "2017.10.13"]
[SourceQuality "1"]

1. e4 e6 2. Nc3 d5 3. exd5 exd5 4. d4 Nc6 5. Nf3 Bb4 6. Bd3 Nge7 7. 0-0 Bg4 8. Ne2 Qd7 9. c3 Bxf3 10. gxf3 Bd6 11. Re1 0-0-0 12. Ng3 h5 13. f4 h4 14. Nh5 g5 15. Nf6 Qh3 16. Re3 Qxe3 17. fxe3 gxf4 18. Qg4+ Kb8 19. Kh1 Ng8 20. Nd7+ Ka8 21. exf4 Nh6 22. Qh3 Ne7 23. Nf6 c6 24. Bd2 Nhg8 25. Ng4 f5 26. Ne5 Nh6 27. Be2 Neg8 28. Rg1 Nf6 29. Bd3 Nfg4 30. Qf3 Nf6 31. Rg5 Ne4 32. Bxe4 dxe4 33. Qe2 Rdg8 34. h3 a6 35. Qh5 Rd8 36. Rg6 Bxe5 37. Rxh6 Rxh6 38. Qxh6 Bb8 39. Qxh4 Rg8 40. Be3 a5 41. Kh2 c5 42. d5 c4 43. Qe7 Rg6 44. Qf7 Rh6 45. Qxf5 1-0

[Event "DOM-ch"]
[Site "Santo Domingo"]
[Date "2016.04.16"]
[Round "10"]
[White "Lugo Matos, Richards Reynier"]
[Black "Guzman, Christopher"]
[Result "0-1"]
[WhiteElo "2171"]
[BlackElo "2272"]
[PlyCount "64"]
[EventDate "2016.04.01"]
[EventType "swiss"]
[EventRounds "11"]
[EventCountry "DOM"]
[SourceTitle "CBM 171 Extra"]
[Source "ChessBase"]
[SourceDate "2016.04.26"]
[SourceVersion "1"]
[SourceVersionDate "2016.04.26"]
[SourceQuality "1"]

1. e4 c6 2. d4 d5 3. exd5 cxd5 4. c4 Nf6 5. Nc3 e6 6. Nf3 Be7 7. Bd3 0-0 8. 0-0 dxc4 9. Bxc4 Nc6 10. Re1 b6 11. a3 Na5 12. Ba2 Nd5 13. Qd3 Nxc3 14. bxc3 Bb7 15. Ne5 Rc8 16. Bb1 g6 17. Bh6 Re8 18. Nxg6 hxg6 19. Rxe6 Bf6 20. Ba2 Kh7 21. Qh3 Rxe6 22. Bxe6 fxe6 23. Bf4+ Kg7 24. Qh6+ Kf7 25. Qh7+ Bg7 26. Qh3 Qd5 27. Re1 Rxc3 28. f3 Qxd4+ 29. Kh1 Bd5 30. Qg4 Rxf3 31. gxf3 Qf2 32. Re3 Qf1+ 0-1